Co to jest? #1 - Statystyki

Ogólne statystyki
  • Ten quiz został rozwiązany 49 razy
  • Średni wynik to 8 z 10
Statystyki odpowiedzi
Obrazkowy Odpowiedź % Poprawnych
krzesło
100%
balon
92%
pilka
92%
samochód
92%
ziemia
92%
autobus
90%
jetpunk
90%
pedzle
90%
szafa
87%
żel pod prysznic
10%
Nie znaleziono quizów pasujących do podanych kryteriów
Rozkład punktacji
Procent ludzi z każdym wynikiem
Percentyl według liczby udzielonych odpowiedzi
Twoja historia wyników
Nie rozwiązałeś tego quizu